Loading...

Statistical techniques for librarians /

Bibliographic Details
Main Author: Sehgal, R. L.
Format: Printed Book
Language:English
Published: Delhi : Ess Ess Publications, 1998.
Subjects:
LEADER 00741nam a2200157Ia 4500
008 160114b xxu||||| |||| 00| 0 eng d
082 |a 020.0212 
100 |a Sehgal, R. L. 
245 |a Statistical techniques for librarians /  |c By R. L. Sehgal 
260 |a Delhi :  |b Ess Ess Publications,   |c 1998. 
300 |a 410 p. 
653 |a Library statistics 
942 |c BK 
999 |c 143295  |d 143295 
952 |0 0  |1 0  |4 0  |6 020_021200000000000_SEH_S  |7 0  |9 152415  |a LIS  |b LIS  |c ST1  |d 2006-04-07  |g 650.00  |i 01683  |l 2  |m 2  |o 020.0212 SEH/S  |p LIS1683  |q 2021-10-06  |r 2021-09-06  |s 2021-09-06  |w 2016-07-26  |y BK 
952 |0 0  |1 0  |4 0  |6 020_021200000000000_SEH_S  |7 0  |9 152416  |a LIS  |b LIS  |c ST1  |d 2006-04-04  |g 650.00  |i 01780  |l 2  |o 020.0212 SEH/S  |p LIS1780  |q 2022-01-17  |r 2021-12-18  |s 2021-12-18  |w 2016-07-26  |y BK